000 00585nam a2200193Ia 4500
005 20250508164837.0
008 008 250505s9999 xx 000 0 eng d
037 _aDissertations
040 _aFEDL
_beng
_cFEDL
041 _aeng
_2eng
084 _a574, SON/DI
_qFEDL
100 _aSony Shailendra
_9779278
245 0 _aIntegrated approach in biological sciences: An exploration of pursuits and possibilities
260 _c2009
300 _a79p.
546 _aM. Ed. Dissertation (Delhi University)
942 _cDIS
_h574, SON/DI
999 _c1391532
_d1391532